01060cam a2200289 a 4500999001700000001000900017005001700026008004100043010001700084015001900101016001800120020003000138020002700168035002400195040003500219050002400254100004000278245006600318260004400384300004700428504005100475650002000526650002200546650004000568942003600608952012600644 c19196d191961592919320170114155921.0091001s2010 nyua b 001 0 eng  a 2009038979 aGBA9C26592bnb7 a0154424842Uk a9780393935110 (hardcover) a0393935116 (hardcover) a(OCoLC)ocn422761559 aDLCcDLCdYDXdUKMdYDXCPdDLC00aHB 172.5 .J652 20101 aJones, Charles I.q(Charles Irving)10aMacroeconomics :beconomic crisis update /cCharles I. Jones. aNew York :bW. W. Norton & Co.,cc2010. axxix, 496 p. :bill. (some col.) ;c27 cm. aIncludes bibliographical references and index. 0aMacroeconomics. 0aFinancial crises. 0aGlobal Financial Crisis, 2008-2009. 2lcccBOOKShHB 172.5 .J652 2010 00102lcc4070aMUCbMUCcTECHd2017-01-14eDonation(B.F.A)l0oHB 172.5 .J66 2010p29925r2018-06-25w2017-01-14yBOOKS